000 01048nam a22003137a 4500
003 CHAP
005 20220329133631.0
008 971013s1983 r 00010 d
010 _a8831
011 _a9803
035 _a9039
040 _cCHAP
082 _a591.51
_bC8
100 0 0 _aCurtis, Stanley E.
_930734
245 _aEnvironmental management in animal agriculture
260 _aAmes :
_bIowa State Univetrsity Press,
_c1983
300 _a409 p.
_b: ilus
590 _aBATCH-UPD
_b10
_c20130110
_lUCH01
_h1909
590 _aBATCH-UPD
_b10
_c20130410
_lUCH01
_h1236
590 _aBATCH-UPD
_b10
_c20130914
_lUCH01
_h1248
590 _aCONVERSION
_b10
_c20130109
_lUCH01
_h1306
650 1 4 _aAnimales
_xEfecto del medio ambiente.
_95860
650 1 4 _aAnimales
_xHabitos y conducta.
_95865
650 1 4 _aEcologĂ­a animal.
_935170
901 _aBK
942 _cLIBRO
949 _a591.51 C8
_bBC
_cLIBRO
_d33724000374583
_eLIBRO
_gI.149357
_h77582
_i9039
_si
_t161.56
949 _a591.51 C8
_bBC
_cLIBRO
_d33724000374591
_eLIBRO
_fc.2
_h82602
_i9039
_si
_t161.56
999 _c8831
_d8831